000 02181nam a2200325Ia 4500
999 _c4585
_d4585
003 OSt
005 20200205145804.0
008 191128s2017 mx ado fr 001 0 spa d
020 _a9786071732026
040 _aCO-JMCR
_cCO-JMCR
082 _a155 .413 /
_b A489e
100 1 _aAmaya Guerra, Jesús,
_eautor
_9160
245 1 0 _aEducando a la generación zombi :
_bdéficit de la inteligencia ejecutiva /
_cJesús Amaya Guerra, Everlyn Prado Maillard
250 _aPrimera edición
260 _aMéxico ; Colombia :
_bTrillas,
_c@2017
300 _a118 páginas :
_bilustraciones, fotográfias y gráficos a blanco y negro ;
_c23 cm.
500 _aIncluye datos biográficos de los autores en solapa.
500 _aIncluye índice analítico.
500 _a"Impulsivos y frágiles emocionales, una generación narcisista, incluye una prueba de habilidades de la inteligencia ejecutiva"--Tapa
504 _aBibliografía: páginas 109-110
505 0 _a¿Somos mas inteligentes o más tontos? -- ¿Quiénes son la generación Zombi? -- Dueños del mundo, pero no de ellos mismos -- El cerebro de la generación Zombi -- La generación Zombi y su déficit en inteligencia ejecutiva -- ¿Los genios son realmente inteligentes? -- ¿Qué es la inteligencia ejecutiva? -- Inteligencia ejecutiva: Tomar buenas decisiones en un mundo de tentaciones -- Adultos eternamente adolescentes con pobre inteligencia ejecutiva -- Inteligencia ejecutiva y las empresas -- Prueba de habilidades de la inteligencia ejecutiva en las empresas (HIEE)
520 _aEn esta obra los autores analizan cómo los padres de hoy tratan de hacer creer a los hijos que la vida es cómoda y fácil, por lo que llegan a aparentar ser zombis que sólo viven para satisfacer sus deseos de forma inmediata, sin importarles incluso, usar violencia para obtenerlos ni las consecuencias que conllevan.
650 1 4 _aPadres e hijos
_xaspectos psicológicos
_9161
650 1 4 _aDesarrollo infantil
_9162
650 1 4 _aDesarrollo de la inteligencia
_9163
650 1 4 _aEducación de niños
_9164
650 1 4 _aAptitud de mando
_9165
700 1 _aPrado Maillard, Evelyn,
_eautora
_9166
942 _2ddc
_cBK